| 000 | 00435nam a2200157Ia 4500 | ||
|---|---|---|---|
| 008 | 210719s1996 xx 000 0 und d | ||
| 041 | _aeng | ||
| 082 | _a267 RAJM | ||
| 100 | _aRAJ (J Felix), Ed | ||
| 245 | _amemories of a movement: Aicuf in West Bengal 1948-1996. | ||
| 260 |
_aCalcutta. _bAll India Catholic University Federation., _c1996 |
||
| 300 |
_a130 _bPB |
||
| 365 |
_b50 _cRs |
||
| 650 | _aChristianity | ||
| 906 | _aAicuf | ||
| 999 |
_c213236 _d213236 |
||